|
|
|
|
| LEADER |
01377cam a2200337 a 4500 |
| 001 |
c000265417 |
| 003 |
CARM |
| 005 |
20070726131445.0 |
| 008 |
841005s1985 ilua b 001 0 eng |
| 010 |
|
|
|a 84082470
|
| 019 |
1 |
|
|a 4204865
|5 LACONCORD2021
|
| 020 |
|
|
|a 0256032858
|
| 035 |
|
|
|a (OCoLC)12112281
|5 LACONCORD2021
|
| 040 |
|
|
|a LC
|b eng
|c LC
|d LC
|
| 043 |
|
|
|a n-us---
|
| 050 |
|
0 |
|a HD2785
|b .C47 1985
|
| 082 |
0 |
0 |
|a 338.6/44/0973
|2 19
|
| 100 |
1 |
|
|a Chandler, Alfred Dupont.
|
| 245 |
1 |
4 |
|a The coming of managerial capitalism :
|b a casebook on the history of American economic institutions /
|c Alfred D. Chandler, Jr., Richard S. Tedlow.
|
| 260 |
|
|
|a Homewood, Ill. :
|b R.D. Irwin,
|c 1985.
|
| 300 |
|
|
|a xiv, 877 p. :
|b ill. ;
|c 25 cm.
|
| 440 |
|
0 |
|a Irwin series in management and the behavioral sciences
|
| 504 |
|
|
|a Includes bibliographical references and index.
|
| 650 |
|
0 |
|a Business enterprises
|z United States
|x History.
|
| 650 |
|
0 |
|a Industrial concentration
|z United States
|x History.
|
| 650 |
|
0 |
|a Industrial policy
|z United States
|x History.
|
| 650 |
|
0 |
|a Capitalism
|z United States
|x History.
|
| 700 |
1 |
|
|a Tedlow, Richard S.
|
| 852 |
8 |
|
|b CARM
|h A1:AN02E0
|i C09571
|p 0383895
|f BK
|
| 999 |
f |
f |
|i 625e6fc7-4ed1-515c-b538-20a57c9ed372
|s 07452542-51a1-50c9-867d-e46b333b7b45
|
| 952 |
f |
f |
|p Can circulate
|a CAVAL
|b CAVAL
|c CAVAL
|d CARM 1 Store
|e C09571
|f A1:AN02E0
|h Other scheme
|i book
|m 0383895
|